000 00397pab a2200157 454500
008 180718b2001 xxu||||| |||| 00| 0 eng d
100 _aReddy, C. Narendra
245 _aWhat happened to panchayati raj? people's movement need of the hour
260 _c2001
300 _ap.10
362 _a16 Jul
650 _aRural development
650 _aPanchayat
773 _aTribune
909 _a50516
999 _c50516
_d50516